Samudrik-Vidhnyan (Record no. 1370821)

MARC details
000 -LEADER
fixed length control field 00719nam a2200277Ia 4500
008 - FIXED-LENGTH DATA ELEMENTS--GENERAL INFORMATION
fixed length control field 160321s9999||||xx |||||||||||||| ||und||
040 ## - CATALOGING SOURCE
Transcribing agency Hindi
082 ## - DEWEY DECIMAL CLASSIFICATION NUMBER
Classification number VIII.A/Sudarshnachary
082 ## - DEWEY DECIMAL CLASSIFICATION NUMBER
Item number BORI-83822
100 ## - MAIN ENTRY--PERSONAL NAME
Personal name Shree Sudarshanachary Shastri
245 ## - TITLE STATEMENT
Title Samudrik-Vidhnyan
260 ## - PUBLICATION, DISTRIBUTION, ETC. (IMPRINT)
Name of publisher, distributor, etc Chauravammba Sanskrut sansthan
260 ## - PUBLICATION, DISTRIBUTION, ETC. (IMPRINT)
Date of publication, distribution, etc 1998
300 ## - PHYSICAL DESCRIPTION
Extent 135
300 ## - PHYSICAL DESCRIPTION
Dimensions A
300 ## - PHYSICAL DESCRIPTION
Accompanying material Paperback
530 ## - ADDITIONAL PHYSICAL FORM AVAILABLE NOTE
Uniform Resource Identifier <a href="00091686.pdf">00091686.pdf</a>
563 ## - BINDING INFORMATION
Binding note Study
600 ## - SUBJECT ADDED ENTRY--PERSONAL NAME
Personal name Shree Sudarshanachary Shastri
630 ## - SUBJECT ADDED ENTRY--UNIFORM TITLE
Uniform title Samudrik-Vidhnyan
650 ## - SUBJECT ADDED ENTRY--TOPICAL TERM
Topical term or geographic name as entry element Astronomy/Astrology/maths
650 ## - SUBJECT ADDED ENTRY--TOPICAL TERM
Topical term or geographic name as entry element Technical Science
700 ## - ADDED ENTRY--PERSONAL NAME
Personal name Shree Sudarshanachary Shastri
730 ## - ADDED ENTRY--UNIFORM TITLE
Uniform title Samudrik-Vidhnyan
942 ## - ADDED ENTRY ELEMENTS (KOHA)
Koha item type Book
Holdings
Withdrawn status Lost status Damaged status Not for loan Home library Current library Date acquired Total Checkouts Full call number Barcode Date last seen Price effective from Koha item type
        Bhandarkar Oriental Research Institute, Pune Bhandarkar Oriental Research Institute, Pune     BORI-83822 BORI-83822 03/21/2016 03/21/2016 Book